Equipos de La Liga - Temporada 24/25 - Estadísticas

Estadísticas generales
  • Esta prueba ha sido intentada 149 veces
  • La puntuación promedio es 18 de 20
Estadísticas de respuestas
Respuesta % Correcto
Real Madrid
99%
Barcelona
98%
Atlético de Madrid
97%
Real Betis
97%
Sevilla
97%
Valencia
97%
Athletic Bilbao
94%
Real Sociedad
92%
Villareal
90%
Getafe
88%
Girona
88%
Aláves
87%
Celta de Vigo
87%
Las Palmas
87%
Leganés
87%
Real Valladolid
85%
Mallorca
84%
Espanyol
82%
Osasuna
76%
Rayo Vallecano
76%
No se encontraron pruebas coincidentes
Distribución de puntuación
Porcentaje de gente con cada puntuación
Porcentaje por número respondido
Historial de tus puntuaciones
No has intentado esta prueba.